00497nam a22001457a 450000500170000000800410001702000180005804100080007608200150008410000210009924501380012026000380025830000190029665000360031520260114184552.0260114b |||||||| |||| 00| 0 eng d a9789355517395 aEng a005.54 RAI aRaimato,Dominick aThe Ultimate Power Query Cookbook for Power BI and Excel: Leveraging Power Query for Collecting, Combining and transforming your data aNew DehlibBPB Publicationsc2024 a377;. P. 23 cm aMicrosoft Excel,Data Processing